Statistics for Zelda Tears of the Kingdom materials

Click here to take the quiz!

General Stats

  • This quiz has been taken 47 times
    (46 since last reset)
  • The average score is 72 of 278

Answer Stats

Answer% Correct
Apple
82%
Flint
64%
Ruby
64%
Diamond
61%
Golden Apple
61%
Sapphire
61%
Topaz
61%
Wood
57%
Amber
54%
Bokoblin Horn
46%
Opal
46%
Bomb Flower
43%
Fire Fruit
43%
Raw Meat
43%
Endura Carrot
39%
Ice Fruit
39%
Keese Eyeball
39%
Keese Wing
39%
Light
39%
Puffshroom
39%
Raw Gourmet Meat
39%
Raw Prime Meat
39%
Rushroom
39%
Skyshroom
39%
Sundelion
39%
Zonaite
39%
Bokoblin Guts
36%
Endura Shroom
36%
Hinox Guts
36%
Hylian Pine Cone
36%
Hylian Shroom
36%
Hyrule Herb
36%
Lizalfos Horn
36%
Mighty Bananas
36%
Moblin Horn
36%
Muddle Bud
36%
Palm Fruit
36%
Rock Salt
36%
Shock Fruit
36%
Silver Lynel Saber Horn
36%
Splash Fruit
36%
Stamella Shroom
36%
Sunshroom
36%
Acorn
32%
Aerocuda Wing
32%
Black Bokoblin Horn
32%
Black Moblin Horn
32%
Blue Bokoblin Horn
32%
Blue Moblin Horn
32%
Fire Keese Wing
32%
Fortified Pumpkin
32%
Goat Butter
32%
Hearty Radish
32%
Hearty Truffle
32%
Hinox Toenail
32%
Hinox Tooth
32%
Hot-Footed Frog
32%
Hydromelon
32%
Hylian Rice
32%
Hylian Tomato
32%
Ice Keese Wing
32%
Ironshroom
32%
Large Zonaite
32%
Luminous Stone
32%
Lynel Hoof
32%
Moblin Guts
32%
Raw Bird Thigh
32%
Raw Whole Bird
32%
Razorshroom
32%
Silver Bokoblin Horn
32%
Silver Moblin Horn
32%
Swift Carrot
32%
Warm Safflina
32%
White-Maned Lynel Saber Horn
32%
Aerocuda Eyeball
29%
Big Hearty Radish
29%
Big Hearty Truffle
29%
Bird Egg
29%
Black Lizalfos Horn
29%
Blue Lizalfos Horn
29%
Blue-Maned Lynel Saber Horn
29%
Bokoblin Fang
29%
Cold Darner
29%
Cool Safflina
29%
Dark Clump
29%
Electric Keese Eyeball
29%
Electric Keese Wing
29%
Hateno Cheese
29%
Korok Frond
29%
Large Zonai Charge
29%
Like Like Stone
29%
Lizalfos Tail
29%
Lynel Saber Horn
29%
Moblin Fang
29%
Raw Bird Drumstick
29%
Silent Princess
29%
Silver Lizalfos Horn
29%
Soldier Construct Horn
29%
Tabantha Wheat
29%
Voltfruit
29%
Warm Darner
29%
Zonai Charge
29%
Armored Porgy
25%
Blue Nightshade
25%
Boss Bokoblin Guts
25%
Brightbloom Seed
25%
Cane Sugar
25%
Captain Construct Horn
25%
Chillshroom
25%
Chuchu Jelly
25%
Electric Darner
25%
Electric Safflina
25%
Fan
25%
Fire Keese Eyeball
25%
Flame Emitter
25%
Giant Brightbloom Seed
25%
Hearty Bass
25%
Hinox Horn
25%
Horriblin Guts
25%
Hydrant
25%
Hyrule Bass
25%
Ice Keese Eyeball
25%
Lizalfos Talon
25%
Lynel Guts
25%
Mighty Porgy
25%
Molduga Fin
25%
Molduga Guts
25%
Naydra's Scale
25%
Silent Shroom
25%
Soldier Construct II Horn
25%
Soldier Construct III Horn
25%
Wildberry
25%
Zapshroom
25%
Ancient Arowana
21%
Ancient Blade
21%
Armored Carp
21%
Battery
21%
Big Battery
21%
Black Boss Bokoblin Horn
21%
Black Hinox Horn
21%
Black Horriblin Horn
21%
Black Lizalfos Tail
21%
Bladed Rhino Beetle
21%
Blue Boss Bokoblin Horn
21%
Blue Hinox Horn
21%
Blue Horriblin Horn
21%
Blue Lizalfos Tail
21%
Boss Bokoblin Horn
21%
Captain Construct II Horn
21%
Captain Construct III Horn
21%
Captain Construct IV Horn
21%
Cart
21%
Dazzlefruit
21%
Dinraal's Claw
21%
Dinraal's Scale
21%
Electric Lizalfos Horn
21%
Electric Lizalfos Tail
21%
Farosh's Claw
21%
Farosh's Scale
21%
Fire Like Stone
21%
Fireproof Lizard
21%
Frost Emitter
21%
Frox Fang
21%
Gibdo Bone
21%
Gleeok Guts
21%
Glowing Cave Fish
21%
Goron Spice
21%
Hearty Lizard
21%
Hearty Salmon
21%
Hightail Lizard
21%
Horriblin Horn
21%
Ice Like Stone
21%
Ironshell Crab
21%
Mighty Carp
21%
Mirror
21%
Molduga Jaw
21%
Naydra's Claw
21%
Naydra's Horn
21%
Octo Balloon
21%
Octorok Eyeball
21%
Octorok Tentacle
21%
Razorclaw Crab
21%
Red Chuchu Jelly
21%
Restless Cricket
21%
Shock Like Stone
21%
Silver Boss Bokoblin Horn
21%
Silver Horriblin Horn
21%
Silver Lizalfos Tail
21%
Soldier Construct IV Horn
21%
Stalnox Horn
21%
Stambulb
21%
Steering Stick
21%
Sticky Lizard
21%
Sunset Firefly
21%
Swift Violet
21%
White Chuchu Jelly
21%
Wing
21%
Yellow Chuchu Jelly
21%
Armoranth
18%
Beam Emitter
18%
Big Wheel
18%
Blue-Maned Lynel Mace Horn
18%
Blue-White Frox Fang
18%
Boss Bokoblin Fang
18%
Brightcap
18%
Cannon
18%
Chickaloo Tree Nut
18%
Chillfin Trout
18%
Construct Head
18%
Deep Firefly
18%
Dinraal's Horn
18%
Energetic Rhino Beetle
18%
Fairy
18%
Farosh's Horn
18%
Fire-Breath Lizalfos Horn
18%
Fire-Breath Lizalfos Tail
18%
Fresh Milk
18%
Frox Fingernail
18%
Frox Guts
18%
Gibdo Guts
18%
Gibdo Wing
18%
Gleeok Flame Horn
18%
Gleeok Frost Horn
18%
Gleeok Thunder Horn
18%
Gleeok Wing
18%
Homing Cart
18%
Horriblin Claw
18%
Ice-Breath Lizalfos Horn
18%
Ice-Breath Lizalfos Tail
18%
King's Scale
18%
Light Dragon's Scale
18%
Lynel Mace Horn
18%
Monster Extract
18%
Obsidian Frox Fang
18%
Oil Jar
18%
Portable Pot
18%
Rocket
18%
Rugged Rhino Beetle
18%
Sanke Carp
18%
Shard of Dinraal's Fang
18%
Shard of Dinraal's Spike
18%
Shard of Farosh's Fang
18%
Shard of Farosh's Spike
18%
Shard of Light Dragon's Spike
18%
Shard of Naydra's Fang
18%
Shard of Naydra's Spike
18%
Shock Emitter
18%
Silver Lynel Mace Horn
18%
Sizzlefin Trout
18%
Sled
18%
Small Wheel
18%
Smotherwing Butterfly
18%
Sneaky River Snail
18%
Stabilizer
18%
Star Fragment
18%
Summerwing Butterfly
18%
Sun Pumpkin
18%
Thunderwing Butterfly
18%
Time Bomb
18%
Tireless Frog
18%
Voltfin Trout
18%
White-Maned Lynel Mace Horn
18%
Winterwing Butterfly
18%
Balloon
14%
Bright-Eyed Crab
14%
Courser Bee Honey
14%
Fleet-Lotus Seeds
14%
Hover Stone
14%
Light Dragon's Horn
14%
Light Dragon's Talon
14%
Mighty Thistle
14%
Shard of Light Dragon's Fang
14%
Spicy Pepper
14%
Spring
14%
Stake
14%
Staminoka Bass
14%
Stealthfin Trout
14%
Sticky Frog
14%

Score Distribution

Percentile by Number Answered

Percent of People with Each Score

Your Score History

You have not taken this quiz since the last reset